000 00790cam a2200265 4500
001 M1306
008 090401t1993 xxu||||| |||| 00| 0 eng d
035 _a(Sirsi) u31048
041 _aeng
050 _a333.0017
090 _a1993/4ABCD
110 _aRoyal Institution of Chartered Surveyors
_94900
245 _aDiscussion paper: repayment and remission of fees in disciplinary proceedings.
260 _aLondon
_bRoyal Institution of Chartered Surveyors
_c1993
300 _a4p. ; 30cm.
350 _a0
650 _aABOUT RICS-RICS MEMBERS
650 _aDISCIPLINARY ACTION
650 _aFEES
650 _aPROFESSIONAL CONDUCT
650 _aRICS RULES OF CONDUCT
690 _aMANAGEMENT-BUSINESS MANAGEMENT-PROFESSIONAL PRACTICE
942 _n0
948 _c04/03/1997
999 _c89542
_d89542